000 01272nkm a2200373 c 4500
999 _c208471
_d208471
003 BLK
005 20210211112540.0
008 180412b bul rap|r|||| r0| ||bulo|
010 _aKNG00042197000
020 _a2-7118-2531-0
040 _aBLK
041 _aFRE
_cFRE
080 _aЖивопис - художници
_b75.071.1
_x(44)(092)
_z75.071.1(44)(092)
080 _aФренски художник импресионист(1832-1883)
_b929 Мане, Едуар
_z929 Мане, Едуар
100 1 _aWrigley, Richard
_eпърви автор
_9351425
139 _aWrigley, Richard
_bМ 25
_fM 24 E
_gM 25 E
245 1 0 _aEdouard Manet
_cRichard Wrigley.
257 _aFRA
260 _bReunion des Musees Nationaux
_c1992
300 _a64 с.
_bс ил.
_c23 см
380 _a7
490 1 _aGrands Peintres
600 1 4 _aМане, Едуар
_991964
600 1 4 _aManet, Edouard
_917723
650 4 _aХудожници, френски - албуми
_9253572
651 4 _aФранция
_9179722
653 _aЕдуар Мане
653 _aимпресионизъм
653 _aхудожници
700 1 _917723
_aManet, Edouard
700 1 _aМане, Едуар
_991964
852 _aЦб Гр А 2074
_c75(092)/M 25 E
856 4 _qpdf
_u
856 4 _qpdf
_u
942 _cGRA
_n0
_s1
944 _aCR
_c15.01.2003
_kAB_DOS
944 _aED
_c02.06.2015
_kИрена_Линкова
999 _d208471